Les Plus Grandes Villes Par Superficie - Statistiques

Statistiques générales
  • Ce quiz a été pris 153 fois
  • Le résultat moyen est 4 sur 10
Statistiques - réponses
Superficie en kilomètres carrés Ville / Zone urbaine % Correct
8,683 Zone Métropolitaine de le Nouvel York
90%
6,993 Tokyo/Yokohama
88%
4,320 Los Angeles
84%
5,498 Chicago
47%
3,644 Dallas/Forth Worth
32%
3,355 Houston
32%
4,497 Boston
27%
5,083 Atlanta
24%
3,267 Detroit
18%
4,661 Philadelphia
5%
Aucun quiz correspondant
Distribution des résultats
% des personnes avec chaque résultat
Percentile par nombre de réponses
Votre historique - résultats
Vous n’avez pas pris ce quiz